Statistiques concernant Vainqueurs de la Ligue des Champions de Handball (depuis 2000)

Cliquez ici pour prendre le quiz!

Statistiques générales

  • Ce quiz a été pris 51 fois
  • Le résultat moyen est 13 sur 19

Statistiques - réponses

Année Vainqueurs Pays % Correct
2018Montpellier HBFrance
98%
2015FC BarceloneEspagne
95%
2017RK Vardar SkopjeMacédoine
81%
2012THW KielAllemagne
81%
2013HSV HambourgAllemagne
52%
2016Vive Tauron KielcePologne
50%
2014Flensburg-HandewittAllemagne
45%
2009BM Ciudad RealEspagne
43%
2001PSA PampeluneEspagne
38%
2004RK CeljeSlovénie
36%
2002SC MagdebourgAllemagne
26%

Distribution des résultats

Percentile par nombre de réponses

% des personnes avec chaque résultat

Votre développement - résultats

Vous n’avez pas pris ce quiz